MARC

LEADER 00000nam0a2200000 4500
001 31313
005 20241126164859.0
010 |a 5921900265 
035 |a (RuTPU)RU\TPU\book\31590 
035 |a BOOK00031669 
090 |a 31313 
100 |a 20011209d2000 m y0rusy50 ca 
101 0 |a rus 
102 |a RU 
105 |a aс j 000zd 
200 1 |a Россия в истории мировой цивилизации IX - XX века  |e учебное пособие  |f С. Т. Жуковский, И. Г. Жуковская 
210 |a Москва  |c Школьная пресса  |d 2000 
215 |a 413 с.  |c ил. 
600 0 |a Петр Великий  |d I  |f 1672 - 1725  |c российский царь из династии Романовых  |c первый российский император  |2 stltpui  |3 (RuTPU)RU\TPU\pers\365 
600 0 |a Александр  |d I  |f 1777-1825  |c российский император с 1801 г.  |c из династии Романовых  |2 stltpui  |3 (RuTPU)RU\TPU\pers\8 
606 |a Россия  |x История  |9 81526 
610 1 |a 9 век 
610 1 |a 10 век 
610 1 |a 11 век 
610 1 |a 12 век 
610 1 |a 13 век 
610 1 |a 14 век 
610 1 |a 15 век 
610 1 |a 16 век 
610 1 |a 17 век 
610 1 |a 18 век 
610 1 |a 19 век 
610 1 |a 20 век 
610 1 |a славяне 
610 1 |a Киевская Русь 
610 1 |a Орда 
610 1 |a Западная Европа 
610 1 |a Византия 
610 1 |a Московское государство 
610 1 |a Европа 
610 1 |a СССР 
610 1 |a Вторая мировая война 1939-1945 
610 1 |a холодная война 
610 1 |a перестройка 
610 1 |a учебные пособия 
686 |a Т3(2)я7  |2 rubbk 
700 1 |a Жуковский  |b С. Т.  |g Сергей Тарасович 
701 1 |a Жуковская  |b И. Г.  |g Ирина Георгиевна 
801 0 |a RU  |b 63413507  |c 20011209  |g PSBO 
801 2 |a RU  |b 63413507  |c 20120622  |g PSBO 
942 |c BK